Finger print verification system / (Record no. 188659)

000 -LEADER
fixed length control field 00481 a2200169 4500
003 - CONTROL NUMBER IDENTIFIER
control field NUST
005 - DATE AND TIME OF LATEST TRANSACTION
control field 20251021102934.0
040 ## - CATALOGING SOURCE
Transcribing agency Nust
082 ## - DEWEY DECIMAL CLASSIFICATION NUMBER
Classification number 621.382,MAK
100 ## - MAIN ENTRY--PERSONAL NAME
Personal name Makhdoom, Capt Imran (TE-37)
9 (RLIN) 131295
245 ## - TITLE STATEMENT
Title Finger print verification system /
Statement of responsibility, etc. Capt Imran Makhdoom, Capt Sajid Zaman & Capt Farhan Habib (TE-37)
260 ## - PUBLICATION, DISTRIBUTION, ETC.
Place of publication, distribution, etc. Rawalpindi
Name of publisher, distributor, etc. MCS
Date of publication, distribution, etc. 2004
300 ## - PHYSICAL DESCRIPTION
Extent xi, 104 p.,
650 ## - SUBJECT ADDED ENTRY--TOPICAL TERM
Topical term or geographic name entry element UG Projects
9 (RLIN) 98716
651 ## - SUBJECT ADDED ENTRY--GEOGRAPHIC NAME
Geographic name TE-37
9 (RLIN) 131296
942 ## - ADDED ENTRY ELEMENTS (KOHA)
Koha item type Project Report
Source of classification or shelving scheme
Holdings
Withdrawn status Lost status Source of classification or shelving scheme Damaged status Not for loan Permanent Location Current Location Shelving location Date acquired Full call number Barcode Date last seen Price effective from Koha item type Public note
          Military College of Signals (MCS) Military College of Signals (MCS) Reference 12/12/2016 621.382,MAK MCSPTE-104 12/08/2016 12/12/2016 Project Report Almirah No.90, Shelf No.2
© 2023 Central Library, National University of Sciences and Technology. All Rights Reserved.